Normal view
MARC view
Entry Topical Term
001 - CONTROL NUMBER
- control field: 57395
003 - CONTROL NUMBER IDENTIFIER
- control field:
005 - DATE AND TIME OF LATEST TRANSACTION
- control field: 20240723154841.0
008 - FIXED-LENGTH DATA ELEMENTS
- fixed length control field: 240723|| aca||aabn | a|a d
040 ## - CATALOGING SOURCE
- Original cataloging agency:
- Transcribing agency:
150 ## - HEADING--TOPICAL TERM
- Topical term or geographic name entry element: French literature
- Form subdivision: 20th century
- General subdivision: History and criticism
670 ## - SOURCE DATA FOUND
- Source citation: Work cat.: ()19812: MELONE, Thomas aut 40108, De la negritude Dans la lit. negro africaine /, 1962
